Sanat - "Miks ei" - Laura Voutilainen - Statistics

Yleistilastot
  • Tätä visaa on pelattu 116 kertaa
  • Keskiarvotulos 166 / 218
Vastaustilastot
Vastaus % Oikein
ei
100%
hitto
100%
miks
100%
no
100%
95%
95%
se
95%
mun
93%
ja
92%
on
90%
oo
89%
silmät
89%
vastaus
89%
vastaa
87%
kysyy
82%
mut
82%
oot
82%
sun
82%
äiti
80%
jo
80%
mistä
80%
varottaa
80%
kannata
75%
just
74%
keho
74%
74%
74%
ees
72%
alottaa
70%
kattoo
70%
aurinko
69%
nousee
69%
olla
69%
että
67%
kotona
67%
pitäis
67%
päästä
66%
ruokaa
66%
tunnin
66%
kissal
61%
sut
57%
Tähän
56%
aikaan
54%
epäselvää
54%
kenellekään
54%
näin
54%
tänne
54%
yöstä
54%
jään
52%
eikä
49%
näit
49%
en
48%
haluut
43%
koska
43%
vain
43%
nään
41%
nyt
41%
huolimatta
39%
lähdetään
39%
haluun
38%
kaikesta
38%
joo
36%
tullu
36%
etsimään
34%
ketään
34%
seisot
34%
siinä
34%
todellakaan
34%
kuiskaat
33%
Ne
31%
ne
31%
ohi
30%
koskee
28%
hymyilee
26%
vaani
26%
vahingossa
26%
hiippailee
25%
kaikkien
25%
muka
25%
ohimennen
25%
vieressäni
25%
mitä
23%
ni
23%
vilkuilee
21%
Ehtoja vastaavia visoja ei löytynyt
Tulosjakauma
Jokaisen tuloksen saaneiden osuus
Persentiili vastausten määrän mukaan
Tuloshistoriasi
Et ole pelannut tätä visaa